2026/27 Premier League Team Badges - Statistics

General Stats
  • This quiz has been taken 30 times
  • The average score is 18 of 18
Answer Stats
Picture Answer % Correct
Arsenal
100%
Aston Villa
100%
Brentford
100%
Brighton & Hove Albion
100%
Chelsea
100%
Crystal Palace
100%
Everton
100%
Leeds United
100%
Liverpool
100%
Manchester City
100%
Manchester United
100%
Newcastle United
100%
Bournemouth
97%
Fulham
97%
Ipswich Town
97%
Nottingham Forest
97%
Sunderland
97%
Coventry City
80%
No matching quizzes found
Score Distribution
Percent of People with Each Score
Percentile by Number Answered
Your Score History
You have not taken this quiz